Personnalités de la Seconde Guerre Mondiale - Statistiques

Statistiques générales
  • Ce quiz a été pris 621 fois
  • Le résultat moyen est 12 sur 25
Statistiques - réponses
Par images Réponse % Correct
Adolf Hitler
100%
Joseph Staline
98%
Charles de Gaulle
97%
Philippe Pétain
93%
Winston Churchill
92%
Jean Moulin
84%
Benito Mussolini
83%
Franklin Roosevelt
68%
Hirohito
63%
Joseph Goebbels
51%
Dwight Eisenhower
48%
Harry Truman
41%
Philippe Leclerc
41%
Erwin Rommel
34%
Douglas MacArthur
31%
Neuville Chamberlain
30%
Bernard Montgomery
28%
George Patton
27%
Hermann Göring
24%
Gueorgui Jukov
20%
Rudolf Hess
18%
Adolf Eichmann
17%
Reinhard Heydrich
11%
Chang Kaï-Tchek
7%
Edouard Daladier
6%
Aucun quiz correspondant
Distribution des résultats
% des personnes avec chaque résultat
Percentile par nombre de réponses
Votre historique - résultats
Vous n’avez pas pris ce quiz